Asian Capitals by Coat of Arms #1 - Statistics

General Stats
  • This quiz has been taken 44 times
  • The average score is 11 of 15
Answer Stats
Picture Answer % Correct
Astana
97%
Jerusalem
90%
Singapore
90%
Bangkok
86%
Jakarta
86%
Dushanbe
83%
Tokyo
83%
Phnom Penh
79%
Riyadh
79%
Seoul
79%
Ulan Bator
69%
Yerevan
66%
Abu Dhabi
62%
Baku
55%
Ashgabat
24%
No matching quizzes found
Score Distribution
Percent of People with Each Score
Percentile by Number Answered
Your Score History
You have not taken this quiz